| 000 | 01409nam0a22003611 4500 | ||
|---|---|---|---|
| 001 | RU\NLR\A1SV\86764 | ||
| 005 | 20251203171251.9 | ||
| 035 | _a(NLR Aleph) 009768163 | ||
| 090 |
_a10045224 _c10045224 |
||
| 100 | _a20080409d1924 u y0rusy50 ca | ||
| 101 | 1 |
_arus _cfre |
|
| 102 | _aRU | ||
| 200 | 1 |
_aВведение в изучение желудочно-кишечных заболеваний в раннем детском возрасте _fА.Б.Марфан, проф. клиники дет. болезней в Париже, чл. Мед. акад. _gПер. со 2-го фр. изд. д-ра Ф.О.Маневич, под ред. и с предисл. В.И.Молчанова, проф. I Моск. ун-та |
|
| 210 |
_aМ. _aПг. _cГос. изд. _d1924 |
||
| 215 |
_aVI, 110 с. _d23 см |
||
| 225 | _aСпец. пособия для высш. шк. | ||
| 300 | _aНапеч. в Петрограде | ||
| 620 | _dМосква | ||
| 620 | _dСанкт-Петербург | ||
| 700 | 1 |
_aМарфан _bА. Б. _f1858-1942 _gАнтонин Бернард |
|
| 702 | 1 |
_aМаневич _bФ. О. |
|
| 702 | 1 |
_aМолчанов _bВ. И. |
|
| 801 | 0 |
_aRU _bNLR _c20080409 |
|
| 852 |
_aNLR _j35.54.6.18 |
||
| 852 |
_aNLR _j18.391.6.55 |
||
| 899 | _aСПбГУ | ||
| 899 | _aДГПБ | ||
| 899 | _aРКП | ||
| 899 | _aРГБ | ||
| 942 | _cBOOK | ||
| 980 | _aNB | ||
| 980 | _aA1SV | ||